|
|
|
|
| LEADER |
01868njm a2200529 a 4500 |
| 001 |
000529910 |
| 003 |
CZ BrMZK |
| 005 |
20100310155323.0 |
| 008 |
000105s1998 xr f cze d |
| 028 |
0 |
3 |
|a 7243 5 2100 2 0
|b Monitor-EMI
|
| 040 |
|
|
|a BOA001
|b cze
|
| 080 |
|
|
|a 784.4"198/199"(086.7)
|2 MRF
|
| 245 |
0 |
0 |
|a Sacred ritual
|h [zvukový záznam] :
|b souboj nebe s peklem
|
| 246 |
3 |
3 |
|a Woman
|
| 246 |
3 |
|
|a Posvátný rituál
|
| 246 |
3 |
2 |
|a Black sun
|
| 246 |
3 |
3 |
|a Elegia
|
| 246 |
3 |
3 |
|a Mute harmony
|
| 246 |
3 |
3 |
|a Nirvana
|
| 246 |
3 |
3 |
|a November
|
| 246 |
3 |
3 |
|a Sadeness
|
| 246 |
3 |
3 |
|a Salient
|
| 246 |
3 |
3 |
|a Shadow magnet
|
| 246 |
3 |
3 |
|a Simple obsession
|
| 246 |
3 |
3 |
|a <<The >>host of Seraphin
|
| 246 |
3 |
3 |
|a Veiled
|
| 260 |
|
|
|a Praha :
|b Monitor-EMI,
|c p2000
|
| 300 |
|
|
|a 1 CD ;
|c 12 cm +
|e 1 brožura [8 s.].
|
| 500 |
|
|
|a Nahr. neuv
|
| 500 |
|
|
|a Durata neuv
|
| 505 |
2 |
|
|a Mute harmony, Simple obsession, Elegia ... [et al.]
|
| 511 |
0 |
|
|a Andru Donalds, zpěv; Lisa Gerrard, zpěv; Pieter Bourke, zpěv. Adiemus; Mythos; Elbosco ... [et al.]
|
| 653 |
0 |
|
|a populární hudba
|a populární písně
|
| 700 |
1 |
|
|a Donalds, Andru,
|c hudebník a zpěvák
|4 prf
|
| 700 |
1 |
|
|a Gerrard, Lisa,
|d 1961-
|7 xx0033360
|4 prf
|
| 700 |
1 |
|
|a Bourke, Pieter
|4 prf
|
| 710 |
2 |
|
|a Enigma (hudební skupina)
|7 ko2002102507
|4 prf
|
| 710 |
2 |
|
|a In the Nursery (hudební skupina)
|7 xx0059631
|4 prf
|
| 710 |
2 |
|
|a Mythos (hudební skupina)
|
| 710 |
2 |
|
|a VAS (hudební skupina)
|4 prf
|
| 710 |
2 |
|
|a Adiemus (hudební skupina)
|7 ko2002150266
|4 prf
|
| 710 |
2 |
|
|a Dead Can Dance (hudební skupina)
|7 ko2002102226
|4 prf
|
| 710 |
2 |
|
|a Elbosco (hudební skupina)
|4 prf
|
| 910 |
|
|
|a BOA001
|b CD-0008.890
|
| 964 |
|
|
|a Hudba populární
|z stol.20.,léta 80.-90.
|x CD
|
| 990 |
|
|
|a AV
|
| 996 |
6 |
|
|b 261H009569
|c CD-0008.890
|l MZK
|r Sklad / do 24 hodin
|n 0
|p p.v.
|w 000529910
|u 000010
|a 1
|e BOA001
|j MZK50
|s P
|